书目信息 |
| 题名: |
世界商务旅游丛书
|
|
| 作者: | 安葛 , Engel 著 ;戴保罗 译 | |
| 分册: | 美国 | |
| 出版信息: | 广州 广东旅游出版社 2001 |
|
| 页数: | 160页 | |
| 开本: | 18cm | |
| 丛书名: | ||
| 单 册: | ||
| 中图分类: | K956.1 | |
| 科图分类: | ||
| 主题词: | ||
| 电子资源: | ||
| ISBN: | 7-80653-152-1 | |
| 000 | 01033nam0 2200301 450 | |
| 001 | 012007377712 | |
| 005 | 20070516184826.18 | |
| 010 | @a7-80653-152-1@dCNY15.00 | |
| 100 | @a20070512d2001 km y0chiy0120 ea | |
| 101 | 1 | @achi@ceng |
| 102 | @aCN@b440000 | |
| 105 | @aa z 000yy | |
| 106 | @ar | |
| 200 | 1 | @a世界商务旅游丛书@Ashi jie shang wu lu you cong shu@i美国@f(美)迪恩·安葛(Dean Engel)[著]@F(mei)di en·an ge(Dean Engel)[zhu]@g戴保罗译@Gdai bao luo yi |
| 210 | @a广州@c广东旅游出版社@d2001 | |
| 215 | @a160页@c照片,图@d18cm | |
| 330 | @a本书通过政府与商业、美国人的工作观、成功的策略、商务接触、与美国人谈判、美国流行文化等方面,帮助读者了解美国的人民、传统习俗、价值观、商业行为和沟通方式。 | |
| 517 | 1 | @a美国@Amei guo |
| 607 | @a世界@x概况 | |
| 607 | @a美国@x概况 | |
| 607 | @a世界 | |
| 607 | @a美国 | |
| 690 | @aK956.1@v4 | |
| 701 | 1 | @c(美)@a安葛@Aan ge@b迪恩@4著 |
| 701 | 1 | @c(美)@aEngel@bDean@4著 |
| 702 | 0 | @a戴保罗@Adai bao luo@4译 |
| 801 | 0 | @aCN@bRULIN@c20070516 |
| 905 | @dK956.1@e163@s5 | |
| 世界商务旅游丛书.美国/(美)迪恩·安葛(Dean Engel)[著]/戴保罗译.-广州:广东旅游出版社,2001 |
| 160页:照片,图;18cm |
| ISBN 7-80653-152-1:CNY15.00 |
| 本书通过政府与商业、美国人的工作观、成功的策略、商务接触、与美国人谈判、美国流行文化等方面,帮助读者了解美国的人民、传统习俗、价值观、商业行为和沟通方式。 |
| ● |
| 相关链接 |
|
|
|
|
正题名:世界商务旅游丛书
索取号:K956.1/163
 
预约/预借
| 序号 | 登录号 | 条形码 | 馆藏地/架位号 | 状态 | 备注 |
| 1 | 0572544 | 205725447 | 第二样本阅览室/ [索取号:K956.1/163] | 在馆 | |
| 2 | 0572545 | 205725456 | 第二借阅区/ [索取号:K956.1/163] | 在馆 | |
| 3 | 0572546 | 205725465 | 第二借阅区/ [索取号:K956.1/163] | 在馆 | |
| 4 | 0572547 | 205725474 | 第二借阅区/ [索取号:K956.1/163] | 在馆 | |
| 5 | 0572548 | 205725483 | 第二借阅区/ [索取号:K956.1/163] | 在馆 |